000
00318nam a2200121Ia 4500
008
220216s9999 xx 000 0 und d
100
_a
Chandrasekera L B
245
0
_a
Performance of clones
260
_b
Rubber Research Institute of Ceylon Bulletin
_c
1968
300
_a
17-19
650
_a
Rubber clones
942
_c
JS
999
_c
64711
_d
64711